Francouzský účetní dvůr. Hospodaření státu pod kontrolou.
Postavenie v rámci francúzskych verejných inštitúcií. Zloženie a právomoci. Overenie štátnych účtov. Správa o uskutočnení finančných zákonov a ročná verejná správa. Regionálne účtovné komory. Spôsoby kontroly, súdna kontrola a kontrola správy.
Salvato in:
| Autore principale: | |
|---|---|
| Natura: | Capitolo di libro |
| Lingua: | ceco |
| Soggetti: | |
| Tags: |
Nessun Tag, puoi essere il primo ad aggiungerne!!
|
MARC
| LEADER | 00000naa a2200000 4500 | ||
|---|---|---|---|
| 001 | r012802 | ||
| 005 | 20221213081900.9 | ||
| 041 | 0 | |a cze | |
| 044 | |a CZ | ||
| 245 | 1 | 0 | |a Francouzský účetní dvůr. |b Hospodaření státu pod kontrolou. |c L. Nálevková |
| 520 | |a Postavenie v rámci francúzskych verejných inštitúcií. Zloženie a právomoci. Overenie štátnych účtov. Správa o uskutočnení finančných zákonov a ročná verejná správa. Regionálne účtovné komory. Spôsoby kontroly, súdna kontrola a kontrola správy. | ||
| 610 | 2 | 0 | |a kontrola verejná |
| 610 | 2 | 0 | |a kontrola finančná |
| 610 | 2 | 0 | |a hospodárenie finančné |
| 610 | 2 | 0 | |a Francúzsko |
| 610 | 2 | 0 | |a účty národné |
| 100 | 1 | |a Nálevková, L. | |